书目信息 |
| 题名: |
气候失律的伦理
|
|
| 作者: | 唐代兴 著 | |
| 分册: | ||
| 出版信息: | 北京 人民出版社 2017.10 |
|
| 页数: | 250页 | |
| 开本: | 24cm | |
| 丛书名: | ||
| 单 册: | ||
| 中图分类: | P467 | |
| 科图分类: | ||
| 主题词: | 气候变化--研究--世界 | |
| 电子资源: | ||
| ISBN: | 978-7-01-018281-0 | |
| 000 | 01051nam0 2200229 450 | |
| 001 | 3663 | |
| 005 | 20181008114509.91 | |
| 010 | @a978-7-01-018281-0@dCNY50.00 | |
| 100 | @a20180217d2017 em y0chiy50 ea | |
| 101 | 0 | @achi |
| 102 | @aCN@b110000 | |
| 105 | @ay z 001yy | |
| 200 | 1 | @a气候失律的伦理@9qi hou shi lv de lun li@f唐代兴著 |
| 210 | @a北京@c人民出版社@d2017.10 | |
| 215 | @a250页@d24cm | |
| 300 | @a国家环境治理研究 国家社科基金项目结项成果 四川师范大学学术著作出版基金资助出版 | |
| 330 | @a本书从伦理切入审问气候失律及恢复问题,其前提性努力是考察气候周期变换运动的时空韵律、动力机制及伦理意蕴。以此为判据,审查气候失律的人力之因,发掘气候失律的逆生性运作机制,揭露人力活动如何影响环境、导致气候失律的层累原理、突变原理和边际效应原理。然后探讨恢复气候、根治灾疫、重建生境的可能性。探求自然律与人文律的统一,建构恢复气候的生境主义认知方式、价值系统和伦理规范体系。 | |
| 606 | 0 | @a气候变化@x研究@y世界 |
| 690 | @aP467@v5 | |
| 701 | 0 | @a唐代兴@9tang dai xing@f(1956-)@4著 |
| 801 | 0 | @aCN@b91MARC@c20180217 |
| 905 | @aMuseLib@dP467@e112 | |
| 气候失律的伦理/唐代兴著.-北京:人民出版社,2017.10 |
| 250页;24cm |
| 国家环境治理研究 国家社科基金项目结项成果 四川师范大学学术著作出版基金资助出版 |
| ISBN 978-7-01-018281-0:CNY50.00 |
| 本书从伦理切入审问气候失律及恢复问题,其前提性努力是考察气候周期变换运动的时空韵律、动力机制及伦理意蕴。以此为判据,审查气候失律的人力之因,发掘气候失律的逆生性运作机制,揭露人力活动如何影响环境、导致气候失律的层累原理、突变原理和边际效应原理。然后探讨恢复气候、根治灾疫、重建生境的可能性。探求自然律与人文律的统一,建构恢复气候的生境主义认知方式、价值系统和伦理规范体系。 |
| ● |
| 相关链接 |
|
|
|
|
正题名:气候失律的伦理
索取号:P467/112
 
预约/预借
| 序号 | 登录号 | 条形码 | 馆藏地/架位号 | 状态 | 备注 |
| 1 | 1123107 | 211231077 | 第二样本阅览室/ [索取号:P467/112] | 在馆 | |
| 2 | 1123108 | 211231086 | 密集书库-资源管理系/ [索取号:P467/112] | 在馆 | |
| 3 | 1123109 | 211231095 | 第三借阅区/ [索取号:P467/112] | 在馆 | |
| 4 | 1123110 | 211231102 | 第三借阅区/ [索取号:P467/112] | 在馆 | |
| 5 | 1123111 | 211231111 | 第三借阅区/ [索取号:P467/112] | 在馆 |